01175nam a2200277 a 4500001001000000005001700010008004100027041000800068044000800076084002100084100004500105245011600150260005600266300005000322440002500372500006400397500011500461500001100576546002400587650005200611650005600663650003400719650004500753700004900798740005000847BRCA_334820190320204234.0250309s1887----enka---###---#000-0#eng-# aeng aenk a642b.W376c18871 aCervantes Saavedra, Miguel ded1547-161610aAdventures of Don Quixote de la ManchacTranslated from the Spanish of Miguel de Cervantes Saavedra by Motteux. aLondres : Nueva YorkbFrederick Warne and Co.c1887 a1 v. en 2 partes (xxxvi, 567 p.)bil.c20 cm. 0aThe Chandos Classics aContenido : Primera parte. Vida de Cervantes. Segunda parte aReimpresión de la traducción de Motteux, publicada en 1875, por los mismos editores. Tela Lúdovik Osterc aQM1430 aTexto en : inglés14aNovela españolayÉpoca clásica, 1500-170014aLiteratura españolayÉpoca clásica, 1500-170014aNovela españolaySiglo XVII14aDon Quijote (Personaje ficticio)eNovela1 aMotteux, Peter Anthonyd1663-1718eTraductor0 aEl Ingenioso Hidalgo Don Quijote de la Mancha